Un paseo por el Barrio del Pópulo /

Guía turística por un barrio de la ciudad de Cádiz, España, de la mano del arquitecto Javier de Navascués y de Palacio. El Barrio del Pópulo recibe este nombre a causa de una ermita en la que se colocó una imagen de la Virgen con la leyenda "ora pro populo" (ruega por el pueblo). Es un barrio cargad...

Descrizione completa

Salvato in:
Dettagli Bibliografici
Autore principale: Navascués y de Palacio, Javier de (autor)
Altri autori: Sánchez Polack, Carlos (fotógrafo) (fotógrafo), Fernández, Fernando (fotógrafo) (fotógrafo)
Natura: Libro
Lingua:spagnolo
Pubblicazione: Cádiz, España : Ayuntamiento de Cádiz, Delegación Municipál de Turismo, 1997, c1997
Soggetti:
Tags: Aggiungi Tag
Nessun Tag, puoi essere il primo ad aggiungerne!!

MARC

LEADER 00000nam^a2200000^a^4500
001 000397509
005 20250521000000.0
009 20260310121458.935
037 |a Acervo ITESO - Biblioteca 
041 |a ESP 
082 |a 914. 604  |b NAV 
100 |a Navascués y de Palacio, Javier de  |e (autor) 
245 1 3 |a Un paseo por el Barrio del Pópulo /  |c J. de Navascués y de Palacio ; fotógrafo C. Sánchez Polack, F. Fernández. 
264 4 |a Cádiz, España :  |b Ayuntamiento de Cádiz, Delegación Municipál de Turismo,  |c 1997, c1997 
300 |a 59 p. 
336 |a texto  |b txt  |2 rdacontenido 
337 |a sin mediación  |b n  |2 rdamedio 
338 |a volumen  |b nc  |2 rdasoporte 
520 |a Guía turística por un barrio de la ciudad de Cádiz, España, de la mano del arquitecto Javier de Navascués y de Palacio. El Barrio del Pópulo recibe este nombre a causa de una ermita en la que se colocó una imagen de la Virgen con la leyenda "ora pro populo" (ruega por el pueblo). Es un barrio cargado de historia, cuya muralla fue construida en el siglo XIII. 
649 |a XX 
650 |a Guías Turísticas 
650 |a Arquitectura Española -  |z Cádiz, España (Ciudad) -  |x Historia y Crítica -  |x Tema Principal 
650 |a Arquitectura Española -  |x Historia y Crítica 
650 |a Arte Español -  |z Cádiz, España (Ciudad) -  |x Historia y Crítica 
650 |a Turismo -  |z Cádiz, España (Ciudad) 
650 |a Turismo -  |z España 
650 |a Barrio del Pópulo -  |z Cádiz, España (Ciudad) -  |x Tema Principal 
650 |a Barrios -  |z Cádiz, España (Ciudad) 
650 |a Cádiz, España -  |x Descripción -  |x Guías Turísticas 
650 |a Cádiz, España -  |x Historia 
650 |a España -  |x Descripción -  |x Guías Turísticas 
650 |a España -  |x Historia 
700 |a Sánchez Polack, Carlos  |e (fotógrafo) 
700 |a Fernández, Fernando  |e (fotógrafo) 
910 |a Fondo Carlos Núñez Hurtado 
920 |a Impresos - Libros 
930 |a Fondos Especiales 
905 |a 117 
901 |a 0500292853  |b IT2  |c ESP  |i D80106  |u 20250521 
902 |a https://opac.biblio.iteso.mx/vufind/Record/000397509